Face2face : elementary : teacher's book /

Spremljeno u:
Bibliografski detalji
Glavni autor: Redston, Chris.
Autor kompanije: University of Cambridge. Local Examinations Syndicate.
Daljnji autori: Clark, Rachel.
Format: Sách giấy
Izdano: Cambridge ; New York : Cambridge University Press, 2005.
Teme:
Online pristup:Publisher description
Oznake: Dodaj oznaku
Bez oznaka, Budi prvi tko označuje ovaj zapis!
Thư viện lưu trữ: Thư viện Trường Đại học Đà Lạt
LEADER 01322nam a2200397 4500
001 DLU110120656
005 ##20110505
008 ##051019m20052007enka e 000 0 eng d
010 # # |a  2005283162 
035 # # |a (OCoLC)ocm61808524 
040 # # |a CU3SL  |c CU3SL  |d DLC  |d DLC 
082 # # |a 428  |b RE-C 
100 # # |a Redston, Chris. 
245 # # |a Face2face :  |b elementary : teacher's book /  |c Chris Redston, Rachel Clark. 
246 # # |a Face to face. 
260 # # |a Cambridge ;  |a New York :  |b Cambridge University Press,  |c 2005. 
300 # # |a 224 p. :  |b ill ;  |c 28 cm. 
650 # # |a English language  |v Textbooks for foreign speakers. 
650 # # |a English language  |x Grammar  |v Problems, exercises, etc. 
650 # # |a English language  |x Rhetoric  |v Problems, exercises etc. 
650 # # |a Listening  |v Problems, exercises, etc. 
650 # # |a Vocabulary  |v Problems, exercises, etc. 
700 # # |a Clark, Rachel. 
710 # # |a University of Cambridge.  |b Local Examinations Syndicate. 
856 # # |3 Publisher description  |u http://www.loc.gov/catdir/enhancements/fy0632/2005283162-d.html 
923 # # |a 01/2011NN 
991 # # |a GT 
992 # # |a 427000 
994 # # |a KNN 
900 # # |a True 
911 # # |a Nguyễn Thanh Hương 
925 # # |a G 
926 # # |a A 
927 # # |a SH 
980 # # |a Thư viện Trường Đại học Đà Lạt